| 000 | 00444nam a2200157Ia 4500 | ||
|---|---|---|---|
| 005 | 20250519012122.0 | ||
| 008 | 240331s9999 xx 000 0 und d | ||
| 020 | _a955867804X | ||
| 082 |
_a155.3 _bDEZ |
||
| 100 | _aDe Zoysa,P | ||
| 245 | 0 |
_aGahanu lowa pirimi lowa : _bsambandathawayakin dedenatama awsya uparimaya laba genima |
|
| 260 |
_aColombo _bBrillum Publishers _c2004 |
||
| 300 | _a174 p ., | ||
| 500 | _aA book About Gender | ||
| 942 | _cL | ||
| 999 |
_c754 _d754 |
||